Statistics for 2014-15 UEFA Champions League Knockout Stage

Click here to take the quiz!

General Stats

  • This quiz has been taken 72 times
  • The average score is 22 of 30

Answer Stats

Answer% Correct
FC BarcelonaFinal
95%
JuventusFinal
93%
FC Barcelona1/2
92%
Bayern1/4
88%
FC Barcelona1/4
88%
Juventus1/2
88%
Real Madrid1/2
88%
Bayern1/2
86%
Bayern1/8
86%
Juventus1/4
86%
Real Madrid1/4
86%
Juventus1/8
85%
FC Barcelona1/8
83%
Paris SG1/4
81%
Real Madrid1/8
78%
Paris SG1/8
75%
Chelsea FC1/8
68%
Manchester City1/8
68%
Atletico1/4
66%
Atletico1/8
64%
Arsenal FC1/8
61%
Borussia Dortmund1/8
59%
AS Monaco1/4
56%
FC Porto1/8
56%
FC Porto1/4
56%
AS Monaco1/8
54%
Schalke 041/8
54%
Shakhtar Donetsk1/8
51%
Bayer Leverkusen1/8
49%
FC Basel1/8
25%

Score Distribution

Percentile by Number Answered

Percent of People with Each Score

Your Score History

You have not taken this quiz